PvZ Heroes Terminologies and Deck Archetypes - Statistics

General Stats
  • This quiz has been taken 16 times
  • The average score is 11 of 43
Answer Stats
Answer % Correct
Aggro
71%
Control
71%
Ramp
57%
Leap
50%
Combo
43%
Mill
43%
Face
36%
Lethal
36%
Meta
36%
RNG
36%
Swarm
36%
Tempo
36%
Brick
29%
Buff
29%
Mulligan
29%
Removal
29%
Area of Effect
21%
Budget
21%
Burst
21%
Card Advantage
21%
Clog
21%
Cost
21%
Midrange
21%
Nerf
21%
OP
21%
Zoo
21%
Bait
14%
Block Charge
14%
Board Control
14%
Build Around
14%
Curve
14%
Drop
14%
Free to Play
14%
Gimmick
14%
Mana
14%
Pay to Win
14%
Signature
14%
Tech
14%
Top Deck
14%
Trading
14%
Value
14%
Win Condition
14%
Highlander
7%
No matching quizzes found
Score Distribution
Percent of People with Each Score
Percentile by Number Answered
Your Score History
You have not taken this quiz